Halal guide book : guide for food producers.
| Corporate Author: | |
|---|---|
| Format: | Book |
| Published: |
Petaling Jaya:
HDC Publication,
2010.
|
| Subjects: |
| LEADER | 00493cam a2200157 7i4500 | ||
|---|---|---|---|
| 001 | 0000027166 | ||
| 005 | 20111115090000.0 | ||
| 020 | 0 | 0 | |a 9789834476434 |
| 090 | 0 | 0 | |a M 641.3 |b HAL |
| 110 | 2 | 0 | |a Halal Industry Development Corporation |
| 245 | 2 | 0 | |a Halal guide book : |b guide for food producers. |
| 260 | 0 | 0 | |a Petaling Jaya: |b HDC Publication, |c 2010. |
| 300 | # | # | |a 84p. |
| 650 | 0 | 0 | |a Halal food |
| 650 | 0 | 0 | |a Food industry and trade -- |x Halal products |
| 999 | |a 0000029466 |b Book |c Book |e Business Information Centre | ||


